Registro de variedades de plantas (Record no. 125775)

MARC details
000 -LEADER
campo de control de longitud fija 00594nam a2200169 4500
001 - NÚMERO DE CONTROL
campo de control 125775
003 - IDENTIFICADOR DE NÚMERO DE CONTROL
campo de control ES-MaACL
005 - FECHA Y HORA DE LA ÚLTIMA TRANSACCIÓN
campo de control 20260210163245.0
007 - CAMPO FIJO DE DESCRIPCIÓN FÍSICA--INFORMACIÓN GENERAL
campo de control de longitud fija t|
008 - DATOS DE LONGITUD FIJA--INFORMACIÓN GENERAL
campo de control de longitud fija 070214s1953 sp r ||||1| spa d
110 ## - ENTRADA PRINCIPAL--NOMBRE DE ENTIDAD CORPORATIVA
Nombre de entidad corporativa o nombre de jurisdicción como elemento de entrada Instituto Nacional de Investigaciones Agronómicas
Sede del congreso/Lugar de la reunión (España)
9 (RLIN) 219222
245 10 - MENCIÓN DEL TÍTULO
Título Registro de variedades de plantas
Resto del título : legislación /
Mención de responsabilidad, etc. Ministerio de Agricultura, Instituto Nacional de Investigaciones Agronómicas.
260 ## - PUBLICACIÓN, DISTRIBUCIÓN, ETC.
Lugar de publicación, distribución, etc. Madrid :
Nombre del editor, distribuidor, etc. [s. n.],
Fecha de publicación, distribución, etc. 1953 (
Fabricante Cofisa)
300 ## - DESCRIPCIÓN FÍSICA
Extensión 30 p. ;
Dimensiones 16 cm.
852 ## - LOCALIZACIÓN
Ubicación ES-MaACL
Número de control de estantería 1968-F-3
Sublocalización o colección R.35407
Holdings
Estatus retirado Estado de pérdida Estado de daño No para préstamo Colección Biblioteca de origen Biblioteca actual Ubicación en estantería Fecha de adquisición Fuente de adquisición Total de préstamos Signatura topográfica completa Código de barras Visto por última vez Precio de reemplazo Tipo de ítem Koha
        Colección de folletos Biblioteca del Ateneo de Madrid Biblioteca del Ateneo de Madrid Depósito folletos 17/01/2008     1968-F-3 1131019 23/02/2023 23/02/2023 Folleto